EDUCATION WORK AND IDENTITY THEMES AND P (Record no. 29252)

MARC details
000 -LEADER
fixed length control field 00347nam a2200133Ia 4500
008 - FIXED-LENGTH DATA ELEMENTS--GENERAL INFORMATION
fixed length control field 240624s9999 xx 000 0 und d
041 ## - LANGUAGE CODE
Language code of text/sound track or separate title eng
082 ## - DEWEY DECIMAL CLASSIFICATION NUMBER
Classification number 306.43 TOM
100 ## - MAIN ENTRY--PERSONAL NAME
Personal name TOMLINSON MICHAEL
245 ## - TITLE STATEMENT
Title EDUCATION WORK AND IDENTITY THEMES AND P
260 ## - PUBLICATION, DISTRIBUTION, ETC.
Place of publication, distribution, etc. London
Name of publisher, distributor, etc. Bloomsbury
300 ## - PHYSICAL DESCRIPTION
Extent vii, 229 pages ; , 24 cm
365 ## - TRADE PRICE
Currency code BPS
Price amount 38
Holdings
Withdrawn status Lost status Damaged status Not for loan Home library Current library Shelving location Date acquired Cost, normal purchase price Full call number Barcode Date last seen Copy number Price effective from Koha item type
        IMTN IMTN Rack 5-B 09/11/2017 25.99 306.43 TOM 29252 06/24/2024 86.9 06/24/2024 Books
Designed & Maintained by: LRC IMT Nagpur Contact: lrc@imtnag.ac.in© 2024. All Rights Reserved.